Catálogo
 En Linea

Estudio comparativo de los tres principios del pueblo con otras doctrinas / (Registro nro. 24718)

Detalles MARC
000 -CABECERA
campo de control de longitud fija 00538nam a2200169 a 4500
001 - NÚMERO DE CONTROL
campo de control 000025225
005 - FECHA Y HORA DE LA ÚLTIMA TRANSACCIÓN
campo de control 20200930023636.0
008 - DATOS DE LONGITUD FIJA--INFORMACIÓN GENERAL
campo de control de longitud fija 110211nuuuuuuuucc a r 000 0 spa d
040 ## - FUENTE DE LA CATALOGACIÓN
Centro catalogador/agencia de origen DO-SdBNP
Lengua de catalogación spa
Centro/agencia transcriptor BNPHU
082 ## - NÚMERO DE LA CLASIFICACIÓN DECIMAL DEWEY
Número de clasificación xxxxxx
Número de documento/Ítem W246e
049 ## - FONDOS LOCALES (OCLC)
Fondos de biblioteca BNGR
100 1# - ENTRADA PRINCIPAL--NOMBRE DE PERSONA
Nombre de persona Wang, Sheng
9 (RLIN) 51702
245 10 - MENCIÓN DE TÍTULO
Título Estudio comparativo de los tres principios del pueblo con otras doctrinas /
Mención de responsabilidad, etc. Wang Sheng ; traducción Lei Shan.
260 ## - PUBLICACIÓN, DISTRIBUCIÓN, ETC.
Lugar de publicación, distribución, etc. Taiwan :
Nombre del editor, distribuidor, etc. Li Ming,
Fecha de publicación, distribución, etc. [19??].
300 ## - DESCRIPCIÓN FÍSICA
Extensión iii, 269 p. :
Otras características físicas il. ;
Dimensiones 21 cm.
700 1# - PUNTO DE ACCESO ADICIONAL--NOMBRE DE PERSONA
Nombre de persona Lei, Shan,
Término indicativo de función/relación tr.
9 (RLIN) 51703

No hay ítems disponibles.

Con tecnología Koha